Kultúrna segmentácia európskeho trhu diplomová práca

Na minha lista:
Detalhes bibliográficos
Autor principal: Ďuráč, Peter
Autor Corporativo: Obchodná fakulta EU. Katedra marketingu
Outros Autores: Čihovská, Viera
Formato: Livro
Idioma:eslovaco
Publicado em: Bratislava 2014
Tags: Adicionar Tag
Sem tags, seja o primeiro a adicionar uma tag!

MARC

LEADER 00000nbm a2200000 4500
001 0186258
005 20170201095750.6
041 0 |a slo 
044 |a SK 
245 1 0 |a Kultúrna segmentácia európskeho trhu  |b diplomová práca  |c Peter Ďuráč ; školiteľ: Viera Čihovská 
264 1 |a Bratislava  |c 2014 
300 |a 83 s. 
100 1 |a Ďuráč, Peter 
700 1 |a Čihovská, Viera 
710 2 |a Obchodná fakulta EU. Katedra marketingu